Continued fractions
Gardado en:
| Autor Principal: | |
|---|---|
| Formato: | Libro |
| Idioma: | inglés |
| Publicado: |
Washington, D.C
Mathematical Association of America
1963
|
| Series: | New Mathematical Library, 9
|
| Subjects: | |
| Tags: |
Engadir etiqueta
Sen Etiquetas, Sexa o primeiro en etiquetar este rexistro!
|
MARC
| LEADER | 00000nam a2200000 a 4500 | ||
|---|---|---|---|
| 001 | UCW0795 | ||
| 003 | CL-VaPUC | ||
| 008 | 890719e19630000US |||||||||||||||||eng|d | ||
| 082 | 0 | 4 | |a 512.73 |b OLD |2 21 |
| 100 | |a Olds, C. D. |q (Carl Douglas) |e author |9 304732 | ||
| 245 | 1 | 0 | |a Continued fractions |
| 300 | |a 162 p | ||
| 942 | |c BK | ||
| 945 | |d 19890719 00:00:00 | ||
| 260 | |a Washington, D.C |b Mathematical Association of America |c 1963 | ||
| 650 | 7 | |a FRACCIONES CONTINUADAS |2 CL-VaPUC |9 270117 | |
| 583 | |a last modification |c 20120528 09:37:42 |k Rodrigo Vera | ||
| 490 | 0 | |a New Mathematical Library, 9 | |
| 999 | |c 215852 |d 215850 | ||
| 952 | |0 0 |1 0 |4 0 |6 512_730000000000000_OLD_1963 |7 0 |8 A |9 200967 |a BIBMAT |b BIBMAT |d 2019-11-14 |i 2681048 |o 512.73 OLD 1963 |p 2681048 |r 2025-01-07 |w 2019-11-14 |y BK |k MAT | ||